Score 0/22 Timer 02:00
0 Plays Today
♦ HINT ♦ ♦ 3-LETTER WORD ♦ % Correct
Catcher In The ___RYE
96.3%
Fez or fedoraHAT
94.5%
Starsky ___ HutchAND
94.3%
♦ PICNIC PEST ♦♦ ANT ♦
92.9%
___ The King's MenALL
91.9%
♦ SQUIDS DEFENSE ♦♦ INK ♦
90.4%
___ Spot run.SEE
89%
Hearing or Band-___AID
88.9%
♦ SARGASSO or CASPIAN ♦♦ SEA ♦
88.8%
Wisc. and Ind. neighborILL.
88.2%
DecayROT
88.1%
♦ HINT ♦ ♦ 3-LETTER WORD ♦ % Correct
♦ VAN HALEN'S ___ FOR TEACHER ♦♦ HOT ♦
87.6%
Pacer's stateIND.
86.5%
CaviarROE
85.4%
Feel unwellAIL
83.8%
♦ SPUD FEATURE ♦♦ EYE ♦
81%
Type or sort of personILK
75%
Wide shoe sizeEEE
73.8%
Break fastEAT
70.1%
Treebeard or Quickbeam, e.g.ENT
63.8%
To free fromRID
56.9%
♦ COMMON BOND ♦♦ RED ♦
28.7%

Today's Daily Dose

Missing Word
I Hardly Know Her!

Word Ladder
Sentence Ending

Quick Pick
Female Firsts

Get the Picture
Triathlon Sports

Remove Ads.
Support Sporcle.
Get the best of Sporcle when you Go Orange. This ad-free experience offers more features, more stats, and more fun while also helping to support Sporcle. Thank you for becoming a member.

You're not logged in!

Compare scores with friends on all Sporcle quizzes.
OR
Log In

Show Comments

Extras

Top Quizzes Today


Score Distribution

Your Account Isn't Verified!

In order to create a playlist on Sporcle, you need to verify the email address you used during registration. Go to your Sporcle Settings to finish the process.

Report this User

Report this user for behavior that violates our Community Guidelines.

Details: